000 00544nam a2200169 a 4500
008 090303s1993 ||||||||||||||||| || u
020 _a0333574605
050 _aSB 305
100 _aBorget, M
245 1 0 _aSpice plants
260 _aLondon:
_bMacmillan
_c1993
350 _a0.00
490 _aThe Tropical agriculturalist
650 _aYAMS
650 _aSPICE PLANTS
995 _aMAIN LIBRARY OPEN ACCESS
_D0.00
_e739441
_FCBU-MAIN LIBRARY (Kitwe)
_H1
_I0.00
_jSB 305 BOR
_M1
_UAVAILABLE
_WMar 3, 2009
_y739441
_ZMain Library Open Access Collection
999 _c76704
_d76704